[Event "COL-ch"]
[Site "Boyaca"]
[Date "2022.08.19"]
[Round "6"]
[White "Cardona, Jacobo"]
[Black "Mahecha Villa, Steven"]
[Result "1-0"]
[WhiteElo "1471"]
[BlackElo "1645"]
[PlyCount "85"]
[EventDate "2022.08.17"]
[EventType "swiss"]
[EventRounds "9"]
[EventCountry "COL"]
[SourceTitle "CBM 210 Extra"]
[Source "ChessBase"]
[SourceDate "2022.11.30"]
[SourceVersion "1"]
[SourceVersionDate "2022.11.30"]
[SourceQuality "1"]

1. e4 e5 2. Nf3 Nc6 3. Bb5 d6 4. d4 exd4 5. Nxd4 Bd7 6. Nxc6 bxc6 7. Bc4 Nf6 8. Qe2 Be7 9. Nc3 0-0 10. 0-0 Be6 11. Bxe6 fxe6 12. e5 Nd5 13. exd6 Qxd6 14. Ne4 Qe5 15. Ng3 Qxe2 16. Nxe2 Bc5 17. Bd2 e5 18. Nc3 Rad8 19. Bg5 Nf6 20. Rae1 Rde8 21. Ne4 Bd6 22. f3 h6 23. Nxf6+ gxf6 24. Bxh6 Rf7 25. Re2 Rh7 26. Bd2 Kf7 27. g3 f5 28. Bc3 Rh6 29. Rfe1 Rhe6 30. Kg2 Kg6 31. h4 e4 32. fxe4 fxe4 33. Bd4 a6 34. Be3 Kf5 35. Kh3 Rg6 36. Rf1+ Ke6 37. Bf4 Kd5 38. Rd1+ Kc5 39. Be3+ Kb5 40. Rg1 Reg8 41. g4 Rf8 42. Rf2 Rgf6 43. Rgf1 1-0